| 000 | 01543nam a2200373 a 4500 | ||
|---|---|---|---|
| 001 | ebr10014607 | ||
| 003 | CaPaEBR | ||
| 006 | m u | ||
| 007 | cr cn||||||||| | ||
| 008 | 980527s1999 enk sb 001 0 eng | ||
| 010 | _z 98008366 | ||
| 020 | _z0521632919 (hb) | ||
| 020 | _z0521648696 (pb) | ||
| 040 |
_aCaPaEBR _cCaPaEBR |
||
| 035 | _a(OCoLC)56211028 | ||
| 050 | 1 | 4 |
_aPN771 _b.M87 1999eb |
| 082 | 0 | 4 |
_a809/.911 _221 |
| 100 | 1 |
_aMurphy, Richard _q(Richard John) |
|
| 245 | 1 | 0 |
_aTheorizing the avant-garde _h[electronic resource] : _bmodernism, expressionism, and the problem of postmodernity / _cRichard Murphy. |
| 260 |
_aCambridge, UK ; _aNew York, NY : _bCambridge University Press, _c1999. |
||
| 300 | _aviii, 325 p. | ||
| 490 | 1 |
_aLiterature, culture, theory ; _v32 |
|
| 504 | _aIncludes bibliographical references (p. 300-313) and index. | ||
| 533 |
_aElectronic reproduction. _bPalo Alto, Calif. : _cebrary, _d2013. _nAvailable via World Wide Web. _nAccess may be limited to ebrary affiliated libraries. |
||
| 650 | 0 |
_aLiterature, Modern _y20th century _xHistory and criticism _xTheory, etc. |
|
| 650 | 0 | _aAvant-garde (Aesthetics) | |
| 650 | 0 | _aModernism (Literature) | |
| 650 | 0 | _aExpressionism in literature. | |
| 650 | 0 | _aPostmodernism (Literature) | |
| 655 | 7 |
_aElectronic books. _2local |
|
| 710 | 2 | _aebrary, Inc. | |
| 830 | 0 |
_aLiterature, culture, theory ; _v32. |
|
| 856 | 4 | 0 |
_uhttp://site.ebrary.com/lib/rucke/Doc?id=10014607 _zAn electronic book accessible through the World Wide Web; click to view |
| 999 |
_c30907 _d30907 |
||